|
|
|
|
| LEADER |
00899nam a2200241 a 4500 |
| 001 |
GR-MES10029 |
| 008 |
060410s enk b 001 0 gre d |
| 020 |
|
|
|a 1861520514
|
| 040 |
|
|
|a GrPaTEI
|b gre
|c GR-PaULI
|
| 040 |
|
|
|a GrPaTEI
|b gre
|c GR-PaULI
|
| 100 |
1 |
|
|a Lee, Tom
|
| 245 |
1 |
0 |
|a Income and value measurement /
|c Tom Lee.
|
| 250 |
|
|
|a 3th ed.
|
| 260 |
|
|
|a London :
|b ITP,
|c 1985
|
| 300 |
|
|
|a xi , 187σ. ;
|c 22εκ.
|
| 504 |
|
|
|a Περιλαμβάνει βιβλιογραφικές παραπομπές (σ. 176-181) και ευρετήριο
|
| 650 |
|
0 |
|a Income
|
| 650 |
|
0 |
|a Income accounting
|
| 650 |
|
0 |
|a Value
|
| 942 |
|
|
|2 ddc
|
| 952 |
|
|
|0 0
|1 0
|2 ddc
|4 0
|6 339_400000000000000_LEE
|7 0
|9 269661
|a MSLG
|b MSLG
|c BSC
|d 2021-01-17
|e 24
|f 0
|g 0.00
|l 0
|o 339.4 LEE
|p 2420000020588
|r 2021-01-17 00:00:00
|t 1
|w 2021-01-17
|y BK15
|x 20060410 0 1
|x GrPaTEI
|
| 971 |
|
|
|a .b25760762
|b 15-04-20
|c 13-09-16
|
| 999 |
|
|
|c 155622
|d 155622
|